Thời con gái Hồi kí

Shranjeno v:
Bibliografske podrobnosti
Glavni avtor: Cẩm Lai
Format: Knjiga
Jezik:Undetermined
Izdano: Hà Nội Hội nhà văn 2000
Teme:
Oznake: Označite
Brez oznak, prvi označite!
Thư viện lưu trữ: Trung tâm Học liệu Trường Đại học Cần Thơ
LEADER 00494nam a2200181Ia 4500
001 CTU_37005
008 210402s9999 xx 000 0 und d
082 |a 895.922803 
082 |b C120 
100 |a Cẩm Lai 
245 0 |a Thời con gái 
245 0 |b Hồi kí 
245 0 |c Cẩm Lai, 1923 
260 |a Hà Nội 
260 |b Hội nhà văn 
260 |c 2000 
650 |a vietnamese literature - biography 
980 |a Trung tâm Học liệu Trường Đại học Cần Thơ